000
00212nam a22000857a 4500
001
1258292
005
20260305123642.0
245
_a
OSMANLI TARİHİ -İĞNELİ TAHTIN SULTANLARI-
_c
MEHMET IŞIK
260
_b
YEDİVEREN
999
_c
1258292
_d
1258292